| 000 | 00555nam a22002051a 4500 | ||
|---|---|---|---|
| 001 | 3949 | ||
| 003 | OSt | ||
| 005 | 20260204211910.0 | ||
| 008 | 050511s2002||||dr ||||||b||||||||||spa|| | ||
| 020 | _a993420395 | ||
| 050 | _aRD 866.5 A15h | ||
| 082 | _aRD 809.93592 A15h | ||
| 245 | _aAlbum de un héroe / Compilación: Federico Henríquez y Carvajal | ||
| 264 | _aSanto Domingo : Editorial Nacional | ||
| 300 | _a80 p | ||
| 490 | _aSerie Homenaje I | ||
| 650 | _aCartas - Literatura | ||
| 700 | _aHenríquez y Carvajal, FedericoÌ | ||
| 942 |
_2ddc _cBK |
||
| 999 |
_c3949 _d3949 |
||